Statistics for Start with A, ends in A

Click here to take the quiz!

General Stats

  • This quiz has been taken 42 times
  • The average score is 10 of 15

Answer Stats

QuestionAnswer% Correct
The 'A' in USAAmerica
100%
The 'magic' word?Abracadabra
97%
South American countryArgentina
95%
American state, capital JuneauAlaska
92%
Small country in EuropeAndorra
89%
3y+2x=1, for exampleAlgebra
86%
The Spanish fleet on the way to attack EnglandArmada
86%
An expression of surprise!Aha
84%
Bluey, green marine colourAqua
81%
The capital of GhanaAccra
73%
Choral pieceAria
30%
The 'A' of 'Ally Pally'Alexandra
24%
Scottish football teamAlloa
16%
Group of pain-relieving medicationAnalgesia
14%
Italian manufacturer of mopedsAprilia
3%

Score Distribution

Percentile by Number Answered

Percent of People with Each Score

Your Score History

You have not taken this quiz